K-pop: ILLIT Members - Images - Statistics

General Stats
  • This quiz has been taken 94 times
  • The average score is 5 of 5
Answer Stats
Picture Answer % Correct
Minju
99%
Wonhee
99%
Iroha
93%
Moka
93%
Yunah
89%
No matching quizzes found
Score Distribution
Percent of People with Each Score
Percentile by Number Answered
Your Score History
You have not taken this quiz